Letters to the editor / (Record no. 144517)
[ view plain ]
| 000 -LEADER | |
|---|---|
| fixed length control field | 00477nam a22001697a 4500 |
| 010 ## - LCCN (DPL NO) | |
| LC control number | ENG-120274 |
| 020 ## - INTERNATIONAL STANDARD BOOK NUMBER | |
| International Standard Book Number | 9789384002244 |
| Terms of availability | 350.00 |
| 035 ## - SYSTEM CONTROL NUMBER | |
| System control number | EN-103806 |
| 037 ## - SOURCE OF ACQUISITION | |
| Source of stock number/acquisition | DBAD /PUB |
| 082 ## - DEWEY DECIMAL CLASSIFICATION NUMBER | |
| Classification number | 886 |
| 100 ## - MAIN ENTRY--PERSONAL NAME | |
| Personal name | Dasgupta,R.K. |
| 245 ## - TITLE STATEMENT | |
| Title | Letters to the editor / |
| Statement of responsibility, etc | by R.K.Dasgupta |
| 260 ## - PUBLICATION, DISTRIBUTION, ETC. (IMPRINT) | |
| Place of publication, distribution, etc | Kolkata |
| Name of publisher, distributor, etc | Gangchil |
| Date of publication, distribution, etc | 2014 |
| 270 ## - ADDRESS | |
| Address | Matir Bari,Onkar Park, Ghola Bazar |
| City | Kolkata |
| Postal code | 700111 |
| 300 ## - PHYSICAL DESCRIPTION | |
| Extent | 234p. |
| Dimensions | 23cm(H.b) |
| 942 ## - ADDED ENTRY ELEMENTS (KOHA) | |
| Source of classification or shelving scheme | Dewey Decimal Classification |
| Item type | English Books |
| Classification part | 886 |
| Call number suffix | DAS |
| Withdrawn status | Lost status | Not for loan | Collection code | Home library | Current library | Date acquired | Source of acquisition | Cost, normal purchase price | Full call number | Barcode | Copy number | Cost, replacement price | Koha item type |
|---|---|---|---|---|---|---|---|---|---|---|---|---|---|
| Non-fiction | Ashok Vihar | Ashok Vihar | 13/09/2017 | DBAD/PUB | 350.00 | 886 DAS | EN-103806 | 1 | 350.00 | English Books |
